| Tag |
First Indicator |
Second Indicator |
Subfields |
| LEADER |
00000cas a2200000 4500 |
| 001 |
in00000075960 |
| 005 |
20151008054924.0 |
| 008 |
750304d19uu199uxx qr p 0 a0eng |
| 010 |
|
|
|a 76640062
|
| 035 |
|
|
|a (OCoLC)02246247
|
| 035 |
|
|
|9 AAJ2065AM
|
| 040 |
|
|
|a DLC
|c DLC
|d NST
|d UtOrBLW
|
| 042 |
|
|
|a lc
|
| 049 |
|
|
|a TXAM
|
| 050 |
0 |
0 |
|a H1
|b .J73
|
| 245 |
0 |
0 |
|a Journal of social and behavioral sciences.
|
| 264 |
|
1 |
|a [Place of publication not identified] :
|b [Association of Social and Behavioral Scientists]
|
| 300 |
|
|
|a volumes ;
|c 23 cm.
|
| 336 |
|
|
|a text
|b txt
|2 rdacontent
|
| 337 |
|
|
|a unmediated
|b n
|2 rdamedia
|
| 338 |
|
|
|a volume
|b nc
|2 rdacarrier
|
| 500 |
|
|
|a "Official organ of the Association of Social and Behavioral Scientists."
|
| 650 |
|
0 |
|a Social sciences
|v Periodicals.
|
| 710 |
2 |
|
|a Association of Social and Behavioral Scientists.
|
| 780 |
0 |
0 |
|t Journal of social science teachers
|
| 850 |
|
|
|a DLC
|a MnU
|a NcRS
|a NcWsW
|a OU
|
| 994 |
|
|
|a E0
|b TXA
|
| 949 |
|
|
|a updated
|b h
|c 2002/5/24
|e coplinge
|f 12:21:00 pm
|
| 999 |
|
|
|a MARS
|
| 999 |
f |
f |
|s 52952165-c43a-3528-a926-02ed7588732d
|i 66c24d48-15d7-3037-8a77-45d51798c517
|t 0
|
| 952 |
f |
f |
|p ric
|a Texas A&M University
|b Rellis Campus
|c Joint Library Facility
|d Remote Storage
|t 0
|e H1 .J73
|h Library of Congress classification
|i unmediated -- volume
|k v.34 -v.35
|l 1988-1989
|m A14815079930
|
| 952 |
f |
f |
|p ric
|a Texas A&M University
|b Rellis Campus
|c Joint Library Facility
|d Remote Storage
|t 0
|e H1 .J73
|h Library of Congress classification
|i unmediated -- volume
|k v.23
|l 1977
|m A14852610535
|
| 952 |
f |
f |
|p ric
|a Texas A&M University
|b Rellis Campus
|c Joint Library Facility
|d Remote Storage
|t 0
|e H1 .J73
|h Library of Congress classification
|i unmediated -- volume
|k v.37:no.2
|l 1992:Spring
|m A14828541857
|
| 952 |
f |
f |
|p ric
|a Texas A&M University
|b Rellis Campus
|c Joint Library Facility
|d Remote Storage
|t 0
|e H1 .J73
|h Library of Congress classification
|i unmediated -- volume
|k v.30-31
|l 1984-1985
|m A14852611178
|
| 952 |
f |
f |
|p ric
|a Texas A&M University
|b Rellis Campus
|c Joint Library Facility
|d Remote Storage
|t 0
|e H1 .J73
|h Library of Congress classification
|i unmediated -- volume
|k v.18:no.1/2-3
|l 1971/1972:Fall/Winter-Spring
|m A14833425529
|
| 952 |
f |
f |
|p ric
|a Texas A&M University
|b Rellis Campus
|c Joint Library Facility
|d Remote Storage
|t 0
|e H1 .J73
|h Library of Congress classification
|i unmediated -- volume
|k v.26-27
|l 1980-1981
|m A14852610550
|
| 952 |
f |
f |
|p ric
|a Texas A&M University
|b Rellis Campus
|c Joint Library Facility
|d Remote Storage
|t 0
|e H1 .J73
|h Library of Congress classification
|i unmediated -- volume
|k v.21
|l 1975
|m A14820552977
|
| 952 |
f |
f |
|p ric
|a Texas A&M University
|b Rellis Campus
|c Joint Library Facility
|d Remote Storage
|t 0
|e H1 .J73
|h Library of Congress classification
|i unmediated -- volume
|k v.37:no.1
|l 1992:Winter
|m A14828541815
|
| 952 |
f |
f |
|p ric
|a Texas A&M University
|b Rellis Campus
|c Joint Library Facility
|d Remote Storage
|t 0
|e H1 .J73
|h Library of Congress classification
|i unmediated -- volume
|k v.36
|l 1990/1991
|m A14826427900
|
| 952 |
f |
f |
|p ric
|a Texas A&M University
|b Rellis Campus
|c Joint Library Facility
|d Remote Storage
|t 0
|e H1 .J73
|h Library of Congress classification
|i unmediated -- volume
|k v.22
|l 1976
|m A14852610576
|
| 952 |
f |
f |
|p ric
|a Texas A&M University
|b Rellis Campus
|c Joint Library Facility
|d Remote Storage
|t 0
|e H1 .J73
|h Library of Congress classification
|i unmediated -- volume
|k v.19
|l 1972/1973
|m A14852610543
|
| 952 |
f |
f |
|p ric
|a Texas A&M University
|b Rellis Campus
|c Joint Library Facility
|d Remote Storage
|t 0
|e H1 .J73
|h Library of Congress classification
|i unmediated -- volume
|k v.32 -v.33
|l 1986-1987
|m A14811829202
|
| 952 |
f |
f |
|p ric
|a Texas A&M University
|b Rellis Campus
|c Joint Library Facility
|d Remote Storage
|t 0
|e H1 .J73
|h Library of Congress classification
|i unmediated -- volume
|k v.24-25
|l 1978-1979
|m A14852610568
|
| 952 |
f |
f |
|p ric
|a Texas A&M University
|b Rellis Campus
|c Joint Library Facility
|d Remote Storage
|t 0
|e H1 .J73
|h Library of Congress classification
|i unmediated -- volume
|k v.20
|l 1974
|m A14852610584
|
| 952 |
f |
f |
|p ric
|a Texas A&M University
|b Rellis Campus
|c Joint Library Facility
|d Remote Storage
|t 0
|e H1 .J73
|h Library of Congress classification
|i unmediated -- volume
|k v.28-29
|l 1982-1983
|m A14852611160
|
| 998 |
f |
f |
|a H1 .J73
|s v.37:no.1-2 (1992:Winter-Spring)
|t 0
|l Remote Storage
|